00528nam a2200205Ia 4500008004100000020001500041050000800056050001400064100001800078245003800096245001800134260001900152260003200171260000900203300001600212300002700228300001100255650002600266650003000292160319s9999 xx 000 0 und d a9832584094 aFic b.K53 2002 aWilliams, Bob aKing Midas and the golden touch / cBob Williams. aKuala Lumpur : bKohwai & Young Publications c2002 a15 pages :  bcolor illustrations ;  c14 cm. aChildren -- Folklore. aFolk literature, English.